[Event "TCh-CHN 2016"]
[Site "China CHN"]
[Date "2016.10.30"]
[Round "16.2"]
[Board "3"]
[White "Ma, Qun"]
[Black "Liu, Yan"]
[Result "1-0"]
[WhiteTitle "GM"]
[BlackTitle "FM"]
[WhiteElo "2613"]
[BlackElo "2413"]
[WhiteTeam "Hangzhou"]
[BlackTeam "Chongqing"]
[WhiteFideId "8603154"]
[BlackFideId "8608962"]
[EventDate "2016.04.12"]

1. Nf3 Nf6 2. c4 e6 3. g3 b6 4. Bg2 Bb7 5. O-O Be7 6. Nc3 O-O 7. Re1 d5 8. cxd5
Nxd5 9. Nxd5 Bxd5 10. e4 Bb7 11. d4 Nd7 12. Bf4 Bd6 13. Bg5 Be7 14. h4 h6 15.
Bf4 Bd6 16. e5 Bb4 17. Re3 Re8 18. Qe2 Nf8 19. h5 Bd5 20. Rd1 a5 21. Bf1 Be7 22.
Nd2 Nh7 23. Nb1 Bxa2 24. Nc3 Bb3 25. Rd2 Bb4 26. Qg4 Kh8 27. Bb5 Rg8 28. Bc6 Rb8
29. Qe2 Bxc3 30. bxc3 Bd5 31. Ba4 c6 32. c4 Bxc4 33. Qxc4 b5 34. Qxc6 bxa4 35.
Ra3 Rc8 36. Qf3 Rc4 37. d5 Ng5 38. Bxg5 Qxg5 39. Re3 exd5 40. Rxd5 Qe7 41. Rxa5
Rd8 42. Ra6 Qd7 43. Rd6 Qe7 44. Rxd8+ Qxd8 45. Qxf7 Rc1+ 46. Kh2 Qd1 47. Qf3
Qg1+ 48. Kh3 Qf1+ 49. Qg2 Qd1 50. g4 Rc7 51. Qa8+ Kh7 52. Qe4+ Kg8 53. Kg2 Rc1
54. Kg3 Rc7 55. e6 Qg1+ 56. Kf3 Qh1+ 57. Ke2 Qc1 58. e7 Rc2+ 59. Kf3 1-0

[Event "TCh-CHN 2016"]
[Site "China CHN"]
[Date "2016.10.30"]
[Round "16.2"]
[Board "4"]
[White "Lei, Tingjie"]
[Black "Dzagnidze, Nana"]
[Result "0-1"]
[WhiteTitle "WGM"]
[BlackTitle "GM"]
[WhiteElo "2504"]
[BlackElo "2535"]
[WhiteTeam "Chongqing"]
[BlackTeam "Hangzhou"]
[WhiteFideId "8605114"]
[BlackFideId "13601903"]
[EventDate "2016.04.12"]

1. c4 e5 2. g3 Nc6 3. Bg2 g6 4. Nc3 Bg7 5. e3 Nf6 6. Nge2 O-O 7. O-O d6 8. d4
exd4 9. exd4 Bf5 10. h3 h5 11. f3 Nh7 12. g4 Bd7 13. Be3 hxg4 14. fxg4 f5 15.
gxf5 Bxf5 16. Ng3 Bd7 17. Rxf8+ Nxf8 18. Kh2 Qh4 19. Nce4 Re8 20. c5 d5 21. Qb3
Be6 22. Ng5 Nxd4 23. Bxd4 Qxg5 24. Bxg7 Kxg7 25. Qxb7 Qe5 26. Rd1 Qg5 27. Ra1
Qe5 28. Rd1 Nd7 29. Qxa7 Rh8 30. c6 Bxh3 31. Bxh3 Qe6 32. Qd4+ Nf6 33. Nf5+ Qxf5
34. Qc3 Rxh3+ 35. Qxh3 Qc2+ 36. Kg3 Nh5+ 37. Kh4 Qf2+ 0-1

[Event "TCh-CHN 2016"]
[Site "China CHN"]
[Date "2016.10.30"]
[Round "16.2"]
[Board "5"]
[White "Tan, Zhongyi"]
[Black "Gu, Tianlu"]
[Result "1-0"]
[WhiteTitle "WGM"]
[BlackTitle "WIM"]
[WhiteElo "2518"]
[BlackElo "2255"]
[WhiteTeam "Chongqing"]
[BlackTeam "Hangzhou"]
[WhiteFideId "8603642"]
[BlackFideId "8603995"]
[EventDate "2016.04.12"]

1. c4 e5 2. Nc3 d6 3. g3 g6 4. d4 exd4 5. Qxd4 Nf6 6. Bg2 Bg7 7. Qe3+ Qe7 8. Nf3
c6 9. Qxe7+ Kxe7 10. Bf4 Be6 11. Rd1 Rd8 12. b3 h6 13. O-O Na6 14. Nd4 g5 15.
Bc1 Nc7 16. Ba3 Nfe8 17. Rd3 Rab8 18. f4 Bxd4+ 19. Rxd4 c5 20. Rd3 b5 21. f5 Bd7
22. cxb5 Bxb5 23. Nxb5 Nxb5 24. Bb2 f6 25. g4 Kf8 26. Rfd1 Nbc7 27. Bc3 Nb5 28.
Ba1 Nbc7 29. Kf2 Rb4 30. h3 Rbb8 31. h4 gxh4 32. Bc3 Nb5 33. Bd2 Kg7 34. Rh1
Nec7 35. Rxh4 Rh8 36. Rdh3 Nd4 37. Bxh6+ Kf7 38. Bf4 Rxh4 39. Rxh4 Ne8 40. Rh7+
Kg8 41. Rxa7 Nb5 42. Rd7 Nc3 43. g5 fxg5 44. Bxg5 Rb4 45. Re7 Kf8 46. Bc6 Ng7
47. f6 Nf5 1-0

[Event "TCh-CHN 2016"]
[Site "China CHN"]
[Date "2016.10.30"]
[Round "16.3"]
[Board "1"]
[White "Wang, Yue"]
[Black "Xu, Yi"]
[Result "0-1"]
[WhiteTitle "GM"]
[BlackTitle "FM"]
[WhiteElo "2718"]
[BlackElo "2386"]
[WhiteTeam "Tianjing"]
[BlackTeam "Shanghai"]
[WhiteFideId "8601429"]
[BlackFideId "8605564"]
[EventDate "2016.04.12"]

1. Nf3 Nf6 2. c4 e6 3. d4 d5 4. Nc3 Bb4 5. Qa4+ Nc6 6. e3 O-O 7. Bd2 dxc4 8.
Bxc4 Bd6 9. Qc2 e5 10. dxe5 Nxe5 11. Nxe5 Bxe5 12. O-O-O Qe7 13. Kb1 Be6 14.
Bxe6 Qxe6 15. f3 Rad8 16. e4 Rd6 17. Be3 Ra6 18. Qb3 Bxc3 19. Qxe6 fxe6 20. bxc3
Rc6 21. Kb2 e5 22. Kb3 b6 23. Bc1 a5 24. a4 Rb8 25. Ba3 Kf7 26. Rd3 Ke6 27. Rhd1
b5 28. axb5 Rxb5+ 29. Kc2 a4 30. Rd8 Rb3 31. Bb2 Rcb6 32. Ba1 Ra3 33. R8d2 Ra2+
34. Kd3 Rd6+ 0-1

[Event "TCh-CHN 2016"]
[Site "China CHN"]
[Date "2016.10.30"]
[Round "16.3"]
[Board "2"]
[White "Malakhov, Vladimir"]
[Black "Zhou, Jianchao"]
[Result "1-0"]
[WhiteTitle "GM"]
[BlackTitle "GM"]
[WhiteElo "2695"]
[BlackElo "2612"]
[WhiteTeam "Tianjing"]
[BlackTeam "Shanghai"]
[WhiteFideId "4120787"]
[BlackFideId "8603537"]
[EventDate "2016.04.12"]

1. c4 c5 2. Nf3 Nf6 3. Nc3 d5 4. cxd5 Nxd5 5. e3 Nxc3 6. bxc3 g6 7. Bb5+ Bd7 8.
Be2 Bg7 9. O-O O-O 10. d4 Qc7 11. Ba3 b6 12. Rc1 Nc6 13. dxc5 Rfd8 14. Qb3 Na5
15. cxb6 axb6 16. Qb2 Be6 17. Nd4 Nc4 18. Nxe6 Nxb2 19. Nxc7 Rxa3 20. Nb5 Ra5
21. Rc2 Na4 22. Rfc1 Bf6 23. g3 Rc8 24. Kg2 Nc5 25. Rb1 Na4 26. c4 Nc5 27. Bf3
Nd3 28. Kf1 Ra4 29. a3 Ne5 30. Be2 Nxc4 31. Ke1 Rc5 32. Bxc4 Raxc4 33. Rxc4 Rxc4
34. Kd2 Kf8 35. Rc1 Ke8 1-0

[Event "TCh-CHN 2016"]
[Site "China CHN"]
[Date "2016.10.30"]
[Round "16.3"]
[Board "3"]
[White "Li, Yankai"]
[Black "Ni, Hua"]
[Result "0-1"]
[BlackTitle "GM"]
[WhiteElo "2206"]
[BlackElo "2681"]
[WhiteTeam "Tianjing"]
[BlackTeam "Shanghai"]
[WhiteFideId "8609357"]
[BlackFideId "8601160"]
[EventDate "2016.04.12"]

1. d4 Nf6 2. c4 e6 3. Nc3 Bb4 4. Qc2 b6 5. a3 Bxc3+ 6. Qxc3 Bb7 7. Nf3 O-O 8. g3
c5 9. Bg2 cxd4 10. Qxd4 Nc6 11. Qf4 Rc8 12. b4 d6 13. Bb2 e5 14. Qe3 e4 15. Nd2
Ne5 16. Qd4 Re8 17. O-O Qd7 18. Rac1 h5 19. Rfd1 e3 20. fxe3 Bxg2 21. Kxg2 Re6
22. Rf1 Rce8 23. e4 h4 24. Rf4 Ng6 25. Rf3 Re5 26. Rcf1 hxg3 27. hxg3 Qg4 28.
Rxf6 gxf6 29. Rxf6 Rh5 30. Qxd6 Qxe2+ 31. Rf2 Rh2+ 32. Kxh2 Qxf2+ 33. Kh3 Re6 0-1

[Event "TCh-CHN 2016"]
[Site "China CHN"]
[Date "2016.10.30"]
[Round "16.3"]
[Board "4"]
[White "Ju, Wenjun"]
[Black "Xiao, Yiyi"]
[Result "1-0"]
[WhiteTitle "GM"]
[BlackTitle "WFM"]
[WhiteElo "2568"]
[BlackElo "2222"]
[WhiteTeam "Shanghai"]
[BlackTeam "Tianjing"]
[WhiteFideId "8603006"]
[BlackFideId "8606161"]
[EventDate "2016.04.12"]

1. c4 e6 2. Nc3 d5 3. d4 Nf6 4. cxd5 exd5 5. Bg5 Be7 6. e3 c6 7. Bd3 Nbd7 8. Qc2
Nf8 9. Nge2 Ng6 10. O-O-O O-O 11. Ng3 Re8 12. h4 b5 13. Kb1 Rb8 14. Nf5 Bxf5 15.
Bxf5 a5 16. g4 Nf8 17. Ne2 Ne4 18. Bxe4 dxe4 19. Bxe7 Qxe7 20. Qxc6 Rec8 21. Qd5
a4 22. Ng3 a3 23. Nf5 Qe8 24. Qb3 Rc7 25. Qxa3 g6 26. Nh6+ Kg7 27. g5 b4 28. Qa5
Rcb7 29. Qd5 Rb5 30. Qb3 Ra5 31. Rc1 Rb7 32. Rc5 Ra8 1-0

[Event "TCh-CHN 2016"]
[Site "China CHN"]
[Date "2016.10.30"]
[Round "16.3"]
[Board "5"]
[White "Zhang, Xiaowen"]
[Black "Khotenashvili, Bela"]
[Result "0-1"]
[WhiteTitle "WGM"]
[BlackTitle "GM"]
[WhiteElo "2374"]
[BlackElo "2493"]
[WhiteTeam "Shanghai"]
[BlackTeam "Tianjing"]
[WhiteFideId "8603219"]
[BlackFideId "13602640"]
[EventDate "2016.04.12"]

1. e4 e5 2. Nf3 Nc6 3. Bb5 a6 4. Ba4 Nf6 5. O-O Nxe4 6. d4 b5 7. Bb3 d5 8. dxe5
Be6 9. Nbd2 Nc5 10. c3 Be7 11. Bc2 d4 12. cxd4 Nxd4 13. Nxd4 Qxd4 14. Nf3 Qxd1
15. Rxd1 O-O 16. Ng5 h6 17. Bh7+ Kh8 18. Nxe6 Nxe6 19. Be4 Rad8 20. Be3 Bg5 21.
Bxg5 hxg5 22. Rac1 g6 23. g3 Kg7 24. Bd5 Rfe8 25. Kg2 Re7 26. b4 Red7 27. Bxe6
Rxd1 28. Rxc7 Re1 29. Rxf7+ Kh6 30. f4 gxf4 31. gxf4 Rd2+ 32. Kf3 Rd3+ 33. Kg4
Rg1+ 34. Kh4 Rd4 35. Kh3 Rd3+ 36. Kh4 Rg2 37. Rf6 Rxh2+ 38. Kg4 Rb2 39. Bf5 Rg2+
40. Kh4 0-1

[Event "TCh-CHN 2016"]
[Site "China CHN"]
[Date "2016.10.30"]
[Round "16.4"]
[Board "1"]
[White "Lin, Chen"]
[Black "Wang, Yiye"]
[Result "1/2-1/2"]
[WhiteTitle "GM"]
[BlackTitle "IM"]
[WhiteElo "2526"]
[BlackElo "2442"]
[WhiteTeam "Jiangsu"]
[BlackTeam "Beijing"]
[WhiteFideId "8602298"]
[BlackFideId "8606021"]
[EventDate "2016.04.12"]

1. e4 e6 2. d4 d5 3. Nd2 Nf6 4. e5 Nfd7 5. Bd3 c5 6. c3 Nc6 7. Ne2 cxd4 8. cxd4
f6 9. exf6 Nxf6 10. Nf3 Bd6 11. Bf4 Bxf4 12. Nxf4 Qa5+ 13. Qd2 Qxd2+ 14. Kxd2
O-O 15. Rhe1 Ne4+ 16. Bxe4 Rxf4 17. Bd3 Nxd4 18. Ke3 Nxf3 19. Kxf4 Nxe1 20. Rxe1
Bd7 21. Ke5 Bc6 22. Rc1 Kf7 23. b4 a6 24. a4 Ke7 25. h4 h6 26. g3 Rc8 27. b5
axb5 28. axb5 Bd7 29. Rxc8 Bxc8 30. b6 Bd7 31. f4 Be8 32. g4 Bd7 33. g5 Be8 34.
Be2 Ba4 35. Bg4 Bd7 36. Bh3 d4 37. Bf1 Bc6 38. Bd3 Bf3 39. Kxd4 Kd6 40. Be4 Bxe4
41. Kxe4 hxg5 1/2-1/2

[Event "TCh-CHN 2016"]
[Site "China CHN"]
[Date "2016.10.30"]
[Round "16.4"]
[Board "2"]
[White "Wei, Yi"]
[Black "Yu, Yangyi"]
[Result "1/2-1/2"]
[WhiteTitle "GM"]
[BlackTitle "GM"]
[WhiteElo "2700"]
[BlackElo "2738"]
[WhiteTeam "Jiangsu"]
[BlackTeam "Beijing"]
[WhiteFideId "8603405"]
[BlackFideId "8603820"]
[EventDate "2016.04.12"]

1. d4 Nf6 2. c4 e6 3. g3 d5 4. Bg2 Bb4+ 5. Nd2 O-O 6. Nf3 b6 7. O-O Bb7 8. b3
Nbd7 9. Bb2 Re8 10. Rc1 Rc8 11. a3 Bf8 12. Ne5 c5 13. Nxd7 Nxd7 14. dxc5 bxc5
15. Nb1 Ba6 16. cxd5 exd5 17. Qxd5 Rxe2 18. Ba1 Ra2 19. Nc3 Rxa1 20. Rxa1 Bxf1
21. Bxf1 Nb6 22. Qxd8 Rxd8 23. a4 a5 24. Rd1 Rxd1 25. Nxd1 g6 26. Ne3 Bg7 27.
Nc4 Nxc4 28. bxc4 Bd4 29. Bg2 f5 30. Bc6 Kg7 31. Bb5 1/2-1/2

[Event "TCh-CHN 2016"]
[Site "China CHN"]
[Date "2016.10.30"]
[Round "16.4"]
[Board "3"]
[White "Yu, Ruiyuan"]
[Black "Zhang, Zhong"]
[Result "1/2-1/2"]
[WhiteTitle "GM"]
[BlackTitle "GM"]
[WhiteElo "2516"]
[BlackElo "2634"]
[WhiteTeam "Jiangsu"]
[BlackTeam "Beijing"]
[WhiteFideId "8603090"]
[BlackFideId "8600694"]
[EventDate "2016.04.12"]

1. e4 e5 2. Nf3 Nc6 3. d4 exd4 4. Nxd4 Qf6 5. Nxc6 Bc5 6. Qf3 bxc6 7. Nc3 d6 8.
Qg3 Qg6 9. Bd3 Nf6 10. Na4 Bd4 11. c3 Bb6 12. O-O Qxg3 13. hxg3 Ng4 14. Bf4 f6
15. Nxb6 axb6 16. f3 Ne5 17. Bxe5 dxe5 18. a4 Ke7 19. Kf2 Rd8 20. Ke3 c5 21. b4
cxb4 22. cxb4 Rd4 23. Rfc1 Rxb4 24. Rxc7+ Bd7 25. Rb7 Kd8 26. Rb1 Rxb1 27. Bxb1
Rxa4 28. Rxb6 Kc7 29. Rb3 Be6 30. Rc3+ Kd6 31. Bd3 Ra2 32. Be2 Rb2 33. Rd3+ Ke7
34. Rd1 Rb3+ 35. Kf2 Rb2 36. Ke3 Rb3+ 37. Kf2 Rb2 1/2-1/2

[Event "TCh-CHN 2016"]
[Site "China CHN"]
[Date "2016.10.30"]
[Round "16.4"]
[Board "4"]
[White "Wang, Jue"]
[Black "Guo, Qi"]
[Result "1-0"]
[WhiteTitle "WGM"]
[BlackTitle "IM"]
[WhiteElo "2380"]
[BlackElo "2436"]
[WhiteTeam "Beijing"]
[BlackTeam "Jiangsu"]
[WhiteFideId "8604070"]
[BlackFideId "8604002"]
[EventDate "2016.04.12"]

1. e4 e5 2. Nf3 Nf6 3. Nxe5 d6 4. Nf3 Nxe4 5. d4 d5 6. Bd3 Nc6 7. O-O Be7 8. c4
Nb4 9. Be2 O-O 10. Nc3 Bf5 11. a3 Nxc3 12. bxc3 Nc6 13. Re1 Re8 14. Ra2 Na5 15.
cxd5 Qxd5 16. Rb2 a6 17. Ne5 Qd8 18. Bf3 c6 19. Rbe2 Be6 20. Qd3 Bf6 21. Be4 g6
22. Qg3 Nc4 23. Nd3 Nd6 24. Bf3 Bd5 25. Rxe8+ Nxe8 26. Bf4 Qa5 27. Nb4 Bxf3 28.
Qxf3 Rd8 1-0

[Event "TCh-CHN 2016"]
[Site "China CHN"]
[Date "2016.10.30"]
[Round "16.4"]
[Board "5"]
[White "Zhao, Xue"]
[Black "Yuan, Ye"]
[Result "1-0"]
[WhiteTitle "GM"]
[WhiteElo "2504"]
[BlackElo "2212"]
[WhiteTeam "Beijing"]
[BlackTeam "Jiangsu"]
[WhiteFideId "8601283"]
[BlackFideId "8608415"]
[EventDate "2016.04.12"]

1. d4 Nf6 2. c4 g6 3. Nc3 d5 4. Bg5 Ne4 5. Bh4 Nxc3 6. bxc3 Bg7 7. Qa4+ Bd7 8.
Qb3 dxc4 9. Qxb7 Bc6 10. Qb4 Bd5 11. Nf3 a5 12. Qb1 f5 13. e3 Nd7 14. Be2 O-O
15. O-O Qe8 16. Qb5 c6 17. Qa4 Kh8 18. Bg3 e5 19. dxe5 Nxe5 20. Bxe5 Bxe5 21.
Bxc4 Bxf3 22. gxf3 Bxc3 23. Rac1 Be5 24. f4 Bf6 25. Bb3 Rc8 26. Rc5 g5 27. Rfc1
Qh5 28. fxg5 Qxg5+ 29. Kf1 Qh6 30. Qf4 Bg5 1-0

[Event "TCh-CHN 2016"]
[Site "China CHN"]
[Date "2016.10.30"]
[Round "16.5"]
[Board "4"]
[White "Ding, Yixin"]
[Black "Zhou, Guijue"]
[Result "1-0"]
[WhiteTitle "WGM"]
[BlackTitle "WIM"]
[WhiteElo "2426"]
[BlackElo "2239"]
[WhiteTeam "Zhejiang"]
[BlackTeam "Qingdao"]
[WhiteFideId "8602972"]
[BlackFideId "8602905"]
[EventDate "2016.04.12"]

1. e4 e5 2. Nf3 Nf6 3. Nc3 Nc6 4. Be2 d5 5. exd5 Nxd5 6. O-O Nxc3 7. bxc3 e4 8.
Ne1 Bd6 9. f3 f5 10. d3 Be6 11. dxe4 Qe7 12. Bf4 O-O-O 13. Nd3 Bc5+ 14. Kh1 g5
15. Bd2 h6 1-0

[Event "TCh-CHN 2016"]
[Site "China CHN"]
[Date "2016.10.30"]
[Round "16.5"]
[Board "5"]
[White "Zhu, Jiner"]
[Black "Yao, Lan"]
[Result "0-1"]
[WhiteElo "2095"]
[BlackElo "2132"]
[WhiteTeam "Zhejiang"]
[BlackTeam "Qingdao"]
[WhiteFideId "8608059"]
[BlackFideId "8610835"]
[EventDate "2016.04.12"]

1. e4 c5 2. Nf3 d6 3. d4 cxd4 4. Nxd4 Nf6 5. Nc3 a6 6. Be3 e5 7. Nb3 Be7 8. Be2
Be6 9. Nd5 Nbd7 10. Qd3 Bxd5 11. exd5 O-O 12. O-O Ne8 13. a4 Bg5 14. f4 exf4 15.
Bxf4 Bxf4 16. Rxf4 Ne5 17. Qd2 Ng6 18. Rff1 Nf6 19. Kh1 Re8 20. Bd3 Re5 21. c4
Qb6 22. Qc3 Qd8 23. Qd2 Qb6 24. Qc3 Rc8 25. a5 Qd8 26. Qb4 Rc7 27. Nd4 Ne4 28.
Rae1 Nc5 29. Bxg6 hxg6 30. Rxe5 dxe5 31. Nf3 e4 32. Nd4 Nd3 33. Qb6 Qd7 34. b3
Rc8 35. Nc2 Re8 36. Qd4 Qd6 37. Rb1 0-1

[Event "TCh-CHN 2016"]
[Site "China CHN"]
[Date "2016.10.30"]
[Round "16.6"]
[Board "2"]
[White "Bu, Xiangzhi"]
[Black "Li, Di"]
[Result "1-0"]
[WhiteTitle "GM"]
[BlackTitle "FM"]
[WhiteElo "2719"]
[BlackElo "2420"]
[WhiteTeam "Shandong"]
[BlackTeam "Chengdu"]
[WhiteFideId "8601445"]
[BlackFideId "8607508"]
[EventDate "2016.04.12"]

1. Nf3 d5 2. g3 Nf6 3. Bg2 g6 4. c4 c6 5. b3 Bg7 6. Bb2 O-O 7. O-O Bg4 8. d3
Nbd7 9. Nbd2 Re8 10. h3 Bxf3 11. Nxf3 e5 12. cxd5 Nxd5 13. Qc2 a5 14. a3 Qe7 15.
Rfd1 Nc7 16. e3 Nb6 17. Nd2 h5 18. Rac1 Ne6 19. Nf3 Nd7 20. h4 Ra6 21. Bf1 Raa8
22. Qb1 Nec5 23. Nd2 Bh6 24. Qc2 Kh7 25. Bg2 Bg7 26. Bc3 Ne6 27. Nc4 Ra7 28.
Nxa5 Rxa5 29. Bxa5 Qxa3 30. b4 1-0

[Event "TCh-CHN 2016"]
[Site "China CHN"]
[Date "2016.10.30"]
[Round "16.6"]
[Board "3"]
[White "Zhao, Jun"]
[Black "Liu, Guanchu"]
[Result "1-0"]
[WhiteTitle "GM"]
[BlackTitle "IM"]
[WhiteElo "2634"]
[BlackElo "2366"]
[WhiteTeam "Shandong"]
[BlackTeam "Chengdu"]
[WhiteFideId "8602522"]
[BlackFideId "8603901"]
[EventDate "2016.04.12"]

1. d4 e6 2. c4 Nf6 3. Nc3 Bb4 4. e3 c5 5. Bd3 Bxc3+ 6. bxc3 d6 7. Nf3 Nc6 8. e4
e5 9. d5 Na5 10. O-O h6 11. Ne1 g5 12. Nc2 Bg4 13. f3 Bd7 14. Ne3 Qc7 15. Bc2
O-O-O 16. Ba4 Ng8 17. Rb1 Ne7 18. Rf2 f5 19. Bxd7+ Qxd7 20. exf5 Nxf5 21. Ng4
Rdf8 22. Rfb2 a6 23. Nf2 Rf7 24. Ne4 Rd8 25. Rb6 Qe8 26. Nd2 Kc7 27. Qc2 Kc8 28.
Ba3 Ne3 29. Qd3 Qa4 30. Bb4 cxb4 31. R6xb4 Qxa2 32. Qxe3 Rc7 1-0

[Event "TCh-CHN 2016"]
[Site "China CHN"]
[Date "2016.10.30"]
[Round "16.6"]
[Board "4"]
[White "Ren, Xiaoyi"]
[Black "Chu, Ruotong"]
[Result "1-0"]
[WhiteElo "2157"]
[BlackElo "2078"]
[WhiteTeam "Chengdu"]
[BlackTeam "Shandong"]
[WhiteFideId "8608709"]
[BlackFideId "8605653"]
[EventDate "2016.04.12"]

1. d4 Nf6 2. g3 g6 3. Bg2 d5 4. Nf3 Bg7 5. c4 c6 6. cxd5 cxd5 7. O-O O-O 8. Nc3
Ne4 9. Nxe4 dxe4 10. Ne5 Qd5 11. Bf4 f6 12. Nd3 Qxd4 13. Qb3+ e6 14. Rac1 Qd5
15. Rc4 b5 16. Rxe4 Bb7 17. Qxd5 Bxd5 18. Rxe6 Bxe6 19. Bxa8 Bxa2 20. Ra1 Bc4
21. Rxa7 Re8 22. Bf3 f5 23. Ra8 1-0

[Event "TCh-CHN 2016"]
[Site "China CHN"]
[Date "2016.10.31"]
[Round "17.1"]
[Board "1"]
[White "Zhao, Jun"]
[Black "Ganguly, Surya Shekhar"]
[Result "1/2-1/2"]
[WhiteTitle "GM"]
[BlackTitle "GM"]
[WhiteElo "2634"]
[BlackElo "2672"]
[WhiteTeam "Shandong"]
[BlackTeam "Guangdong"]
[WhiteFideId "8602522"]
[BlackFideId "5002150"]
[EventDate "2016.04.12"]

1. d4 e6 2. Nf3 Nf6 3. Bf4 d5 4. e3 c5 5. c3 Nc6 6. Nbd2 Bd6 7. Bg3 O-O 8. Bd3
b6 9. Qe2 Bb7 10. Rd1 Rc8 11. Ne5 Ne7 12. O-O Qc7 13. Qf3 Ne8 14. Qh5 g6 15. Qe2
Nf5 16. Nef3 Nxg3 17. hxg3 c4 18. Bc2 f5 19. Ng5 Qe7 20. f4 Nf6 21. Ndf3 h6 22.
Nh3 Nh5 23. Kf2 Nf6 24. Kg1 Qg7 25. Nh2 Ne4 26. Bxe4 dxe4 27. g4 Bd5 28. gxf5
exf5 29. g4 Kf7 30. Kh1 Kg8 31. Kg1 Kf7 32. Kh1 Ke6 33. Rg1 Qf7 34. Rg2 Rg8 35.
Rdg1 Kd7 36. gxf5 gxf5 37. Nf1 Qf6 38. Rxg8 Rxg8 39. Rxg8 Bxg8 40. Nd2 b5 41. b3
Qe6 42. bxc4 bxc4 43. Qd1 Kc7 44. Qa4 Kb6 45. Nf2 Bxf4 46. Qb4+ Kc7 47. Qc5+ Kb7
48. exf4 e3 49. Nf3 exf2 50. Kg2 Qe4 51. Qb4+ Kc7 52. Qc5+ Kb7 53. Qb4+ Kc7 54.
Qc5+ Kb7 1/2-1/2

[Event "TCh-CHN 2016"]
[Site "China CHN"]
[Date "2016.10.31"]
[Round "17.1"]
[Board "2"]
[White "Wen, Yang"]
[Black "Xu, Yinglun"]
[Result "1/2-1/2"]
[WhiteTitle "GM"]
[WhiteElo "2614"]
[BlackElo "2523"]
[WhiteTeam "Shandong"]
[BlackTeam "Guangdong"]
[WhiteFideId "8602956"]
[BlackFideId "8604940"]
[EventDate "2016.04.12"]

1. d4 d5 2. Nf3 Nf6 3. e3 e6 4. Bd3 c5 5. b3 Nc6 6. Bb2 Bd6 7. dxc5 Bxc5 8. a3
O-O 9. Nbd2 a6 10. O-O Re8 11. Rc1 e5 12. c4 d4 13. exd4 Nxd4 14. Ne4 Nxe4 15.
Bxe4 a5 16. Nxd4 exd4 17. Bxh7+ Kxh7 18. Qh5+ Kg8 19. Qxc5 d3 20. Rce1 Re2 21.
Bc3 a4 22. Rxe2 dxe2 23. Re1 axb3 24. Rxe2 Bg4 25. f3 Rc8 26. Qe5 f6 27. Qe4 Bh5
28. Rd2 Qc7 29. h4 Re8 30. Qf5 Bf7 31. Qg4 Qxc4 32. Qxc4 Bxc4 1/2-1/2

[Event "TCh-CHN 2016"]
[Site "China CHN"]
[Date "2016.10.31"]
[Round "17.1"]
[Board "3"]
[White "Bu, Xiangzhi"]
[Black "Zeng, Chongsheng"]
[Result "1/2-1/2"]
[WhiteTitle "GM"]
[BlackTitle "GM"]
[WhiteElo "2719"]
[BlackElo "2549"]
[WhiteTeam "Shandong"]
[BlackTeam "Guangdong"]
[WhiteFideId "8601445"]
[BlackFideId "8603847"]
[EventDate "2016.04.12"]

1. Nf3 Nf6 2. c4 b6 3. g3 Bb7 4. Bg2 e6 5. O-O Be7 6. d4 O-O 7. Nc3 Ne4 8. Qc2
Nxc3 9. Qxc3 Bf6 10. Qc2 g6 11. Bh6 Bg7 12. Bxg7 Kxg7 13. e4 d6 14. Rfe1 Nd7 15.
Qc3 Kg8 16. Rad1 Qe7 17. e5 dxe5 18. dxe5 Rfd8 19. h4 Bxf3 20. Bxf3 Rac8 21. b4
c5 22. Qa3 Nb8 23. Rxd8+ Rxd8 24. bxc5 Rc8 25. h5 Rxc5 26. h6 Qc7 27. Rd1 Kf8
28. Rd6 Ke7 29. Bg2 Nd7 30. f4 Ke8 31. Bf1 Ra5 32. Qb2 Qc5+ 33. Kh2 Qc8 34. Qd2
Rc5 35. Qe3 Rc6 36. Rd2 Rc7 37. Rd6 Ke7 38. Qf3 Qa6 39. Rd2 Qc8 40. Qg4 Qf8 41.
Qh4+ Ke8 42. Rd6 Qe7 43. Qg4 f5 44. Qf3 Kf7 45. Qa8 Qf8 46. Qxf8+ Nxf8 47. Rd8
Rd7 48. Rc8 g5 49. fxg5 Ng6 50. Kh3 Ne7 51. Rh8 Kg6 52. Be2 Rd2 53. Re8 Rxe2 54.
Rxe7 Kxg5 55. Rxh7 Rxa2 56. Re7 Kxh6 57. Rxe6+ Kg5 58. Re7 Ra4 59. Rg7+ Kh6 60.
Rc7 Kg5 61. Rc8 Kg6 62. Kh4 b5 63. Rc6+ Kf7 64. Kg5 Rxc4 65. Rf6+ Ke7 66. Kxf5
Rc1 67. Re6+ Kf7 68. Rh6 Rf1+ 69. Ke4 a5 70. Ra6 a4 71. Ra7+ Kg6 72. Ra6+ Kg5
73. Ra8 Ra1 74. Rg8+ Kh6 75. e6 a3 76. Ra8 b4 77. Kd4 Re1 78. Kc4 Rxe6 1/2-1/2

[Event "TCh-CHN 2016"]
[Site "China CHN"]
[Date "2016.10.31"]
[Round "17.1"]
[Board "4"]
[White "Padmini, Rout"]
[Black "Chu, Ruotong"]
[Result "1-0"]
[WhiteTitle "IM"]
[WhiteElo "2408"]
[BlackElo "2078"]
[WhiteTeam "Guangdong"]
[BlackTeam "Shandong"]
[WhiteFideId "5029295"]
[BlackFideId "8605653"]
[EventDate "2016.04.12"]

1. d4 Nf6 2. Nf3 g6 3. Bg5 Bg7 4. Nbd2 d5 5. e3 Bf5 6. c4 c6 7. Qb3 Qb6 8. Qxb6
axb6 9. a3 dxc4 10. Bxc4 b5 11. Bb3 Nbd7 12. Rc1 h6 13. Bh4 O-O 14. h3 g5 15. g4
Bd3 16. Bg3 Ne4 17. Nxe4 Bxe4 18. Ke2 e5 19. dxe5 Bxf3+ 20. Kxf3 Nxe5+ 21. Ke2
Rfd8 22. Rc5 Nd3 23. Rf5 Bxb2 24. Rxf7 Nc5 25. Ba2 Kh8 26. Bb1 Bg7 27. h4 gxh4
28. Rxh4 Ne6 29. Re7 Re8 30. Rxe8+ Rxe8 31. f4 Kg8 32. f5 Ng5 33. Bf4 Nf7 34.
Ba2 Kf8 35. Bxf7 Kxf7 36. Bxh6 Ra8 37. Bxg7 Kxg7 38. g5 Rxa3 39. Rd4 Ra4 40.
Rd7+ Kf8 41. Kf3 Ra1 42. Rxb7 Rg1 43. g6 b4 44. Kf4 b3 45. Rxb3 c5 46. Ke5 Kg7
47. Rb7+ Kh6 48. Rh7+ 1-0

[Event "TCh-CHN 2016"]
[Site "China CHN"]
[Date "2016.10.31"]
[Round "17.1"]
[Board "5"]
[White "Li, Xueyi"]
[Black "Zhai, Mo"]
[Result "0-1"]
[BlackTitle "WGM"]
[WhiteElo "2112"]
[BlackElo "2371"]
[WhiteTeam "Guangdong"]
[BlackTeam "Shandong"]
[WhiteFideId "8605912"]
[BlackFideId "8600201"]
[EventDate "2016.04.12"]

1. d4 Nf6 2. c4 e6 3. g3 Bb4+ 4. Bd2 Qe7 5. Bg2 Nc6 6. e3 Bxd2+ 7. Qxd2 e5 8. d5
Nb8 9. d6 Qxd6 10. Qxd6 cxd6 11. Nc3 Ke7 12. Nge2 Nc6 13. O-O-O a6 14. h3 b5 15.
g4 h6 16. f4 bxc4 17. g5 hxg5 18. fxg5 Ne8 19. Nd5+ Kf8 20. Nb6 Rb8 21. Nxc4 Bb7
22. Nb6 Bc8 23. Nd5 Nb4 24. Ndc3 a5 25. Be4 Bb7 26. Bxb7 Rxb7 27. a3 Na6 28. h4
Nc5 29. Ng3 g6 30. Kc2 Ke7 31. Nd5+ Ke6 32. Nc3 Ke7 33. Nd5+ Ke6 34. Nc3 Nc7 35.
h5 gxh5 36. Nxh5 Rg8 37. Rhg1 Rg6 38. Nf6 Rb8 39. Rg2 Ne8 40. Nh7 Ng7 41. e4 Nh5
42. Rgd2 Nb7 43. Nb5 Ke7 44. Rh2 Nf4 45. Kb1 Nc5 46. Nc3 Nce6 47. Nf6 Nc7 48.
Ng4 Rxg5 49. Ne3 Ne8 50. Nf5+ Ke6 51. Rh8 d5 52. Rh6+ f6 53. Rh7 dxe4 54. Ne3
Rg3 55. Ned5 Nxd5 56. Nxd5 Rd3 57. Rxd3 exd3 58. Ne3 Nd6 0-1